000
00281nam a2200109Ia 4500
001
1276674
005
20260417160452.0
008
260417s9999 xx 000 0 und d
020
_a
9786059153850
245
0
_a
Bizim Sınıfın Halleri
_c
Pelin Güneş
260
_b
Tudem Yayınları
999
_c
1276674
_d
1276674